000
00291nam a2200133Ia 4500
008
190216s9999||||xx |||||||||||||| ||und||
100
_a
Shanthi Narayan
245
0
_a
Number Systems
250
_a
1st Ed.
260
_b
Null
_c
1970
300
_a
128 p
650
_a
Mathematics
942
_c
BK
999
_c
30490
_d
30490